000 01224nam a22002897a 4500
005 20260703131519.0
008 260703s2026 ag ||||| |||| 00| 0 spa d
020 _aSentencia TI 41/26 Fecha 29/06/26
_bSEN
110 _aTribunal de Impugnación
_91
245 1 1 _a"ERICE, JUAN ANTONIO; ARROYO, LEANDRO JAVIER s/ LESIONES GRAVÍSIMAS AGRAVADAS" /
_cTribunal de Impugnación
300 _a51 p.
_bpdf
518 _a29/06/2026
653 _aLESIONES GRAVÍSIMAS AGRAVADAS POR HABER SIDO COMETIDAS POR UN FUNCIONARIO POLICIAL EN ABUSO DE SU FUNCIÓN Y POR EL EMPLEO DE ARMA DE FUEGO
653 _aARTS 41 BIS, 45, 91, 92 Y 80 INC 9° CP
653 _aFUNCIONARIO POLICIAL
653 _aCOMPETENCIA FUNCIONAL
653 _aABUSO DE LA FUNCIÓN POLICIAL
653 _aEMPLEO ARMA DE FUEGO
653 _aDOLO DIRECTO
653 _aVALORACIÓN ARMÓNICA Y CONJUNTA DE TODA LA PRUEBA
700 1 _aPatricia Romina Lupica Cristo
_948
700 _aTrincheri, Walter Richard
_98
700 1 _aMacagno, Mauricio
_9284
774 _aLEG 294143/2024
856 _uhttp://jurispenal.jusneuquen.gov.ar/cgi-bin/koha/opac-retrieve-file.pl?id=448886e9391dc6c827ecf4fef9ca8c40
_yTexto completo Sentencia TI
942 _2ddc
_cSEN
999 _c1310
_d1310